[Event "Nordic Chess-ch 2019"]
[Site "Sarpsborg"]
[Date "2019.06.26"]
[Round "8.27"]
[White "Strand, Vetle Bjorge"]
[Black "Henriksen, Morgan"]
[Result "*"]
[WhiteElo "1609"]
[BlackElo "1717"]
[Annotator "NA RC"]
[PlyCount "74"]
[EventDate "2019.06.21"]
[EventType "swiss"]
[EventCountry "NOR"]
[SourceTitle "playchess.com"]
[Source "ChessBase"]
[SourceQuality "1"]
[TimeControl "40/5400+30:1800+30"]

1. d4 {[%emt 0:00:00]} d5 {[%emt 0:00:00]} 2. c4 {[%emt 0:00:00]} c6 {[%emt 0:00:00]} 3. Nf3 {[%emt 0:00:00]} Nf6 {[%emt 0:00:00]} 4. Nc3 {[%emt 0:00:00]} a6 {[%emt 0:00:00]} 5. cxd5 {[%emt 0:00:08]} cxd5 {[%emt 0:00:12]} 6. Bg5 {[%emt 0:00:08]} e6 {[%emt 0:02:42]} 7. e3 {[%emt 0:00:06]} Nc6 {[%emt 0:01:15]} 8. Be2 {[%emt 0:01:00]} Be7 {[%emt 0:00:08]} 9. O-O {[%emt 0:00:07]} O-O {[%emt 0:00:06]} 10. Rc1 {[%emt 0:00:23]} Bd7 {[%emt 0:00:48]} 11. h3 {[%emt 0:01:09]} Rc8 {[%emt 0:02:29]} 12. a3 {[%emt 0:01:21]} Ne8 {[%emt 0:02:06]} 13. Bxe7 {[%emt 0:01:03]} Qxe7 {[%emt 0:00:09]} 14. Na4 {[%emt 0:01:09]} Nd6 {[%emt 0:00:59]} 15. Nc5 {[%emt 0:03:16]} Be8 {[%emt 0:03:02]} 16. Bd3 {[%emt 0:09:52]} f6 {[%emt 0:01:05]} 17. Qc2 {[%emt 0:06:46]} g6 {[%emt 0:01:22]} 18. Qe2 {[%emt 0:14:04]} Bf7 {[%emt 0:06:56]} 19. Nh2 {[%emt 0:04:55]} e5 {[%emt 0:05:05]} 20. dxe5 {[%emt 0:00:34]} fxe5 {[%emt 0:06:58]} 21. Ng4 {[%emt 0:03:38]} Kg7 {[%emt 0:01:12]} 22. Rfd1 {[%emt 0:04:58]} e4 {[%emt 0:12:02]} 23. Bb1 {[%emt 0:01:45]} Rfd8 {[%emt 0:16:19]} 24. Qd2 {[%emt 0:09:45]} h5 {[%emt 0:06:12]} 25. Nh2 {[%emt 0:05:41]} Kh7 {[%emt 0:04:53]} 26. Ba2 {[%emt 0:02:24]} Nc4 {[%emt 0:04:18]} 27. Qe2 {[%emt 0:09:59]} N6e5 {[%emt 0:02:22]} 28. Nb3 {[%emt 0:02:30]} Qg5 {[%emt 0:04:49]} 29. Kh1 {[%emt 0:01:12]} Rd6 {[%emt 0:00:58]} 30. Nd4 {[%emt 0:01:59]} Rf8 {[%emt 0:01:49]} 31. Bb1 {[%emt 0:03:05]} Rf6 {[%emt 0:04:05]} 32. Rf1 {[%emt 0:09:47]} Be8 {[%emt 0:00:41]} 33. Rcd1 {[%emt 0:01:51]} Qh4 {[%emt 0:03:15]} 34. f4 {[%emt 0:00:48]} exf3 {[%emt 0:00:33]} 35. Nhxf3 {[%emt 0:00:15]} Qg3 {[%emt 0:02:16]} 36. a4 {[%emt 0:00:54]} Bxa4 {[%emt 0:01:32]} 37. b3 {[%emt 0:00:24]} Be8 {[%emt 0:05:52]} *

[Event "Nordic Chess-ch 2019"]
[Site "Sarpsborg"]
[Date "2019.06.26"]
[Round "8.28"]
[White "Hanebuth, Katja"]
[Black "Kro, Andreas Fuskeland"]
[Result "*"]
[WhiteElo "1463"]
[BlackElo "1565"]
[Annotator "NA RC"]
[PlyCount "57"]
[EventDate "2019.06.21"]
[EventType "swiss"]
[EventCountry "NOR"]
[SourceTitle "playchess.com"]
[Source "ChessBase"]
[SourceQuality "1"]
[TimeControl "40/5400+30:1800+30"]

1. e4 {[%emt 0:00:23]} e6 {[%emt 0:00:00]} 2. d4 {[%emt 0:00:10]} d5 {[%emt 0:00:00]} 3. Nc3 {[%emt 0:00:18]} Nf6 {[%emt 0:00:00]} 4. Bd3 {[%emt 0:04:06]} c5 {[%emt 0:05:09]} 5. Bb5+ {[%emt 0:07:24]} Nc6 {[%emt 0:02:30]} 6. e5 {[%emt 0:01:08]} Nd7 {[%emt 0:01:07]} 7. Nf3 {[%emt 0:00:57]} cxd4 {[%emt 0:02:17]} 8. Nxd4 {[%emt 0:07:06]} Ncxe5 {[%emt 0:06:29]} 9. Qe2 {[%emt 0:03:32]} Ng6 {[%emt 0:05:07]} 10. Nxe6 {[%emt 0:05:31]} fxe6 {[%emt 0:02:17]} 11. Qxe6+ {[%emt 0:00:29]} Qe7 {[%emt 0:00:16]} 12. Qxe7+ {[%emt 0:01:01]} Nxe7 {[%emt 0:01:37]} 13. O-O {[%emt 0:00:16]} a6 {[%emt 0:00:17]} 14. Ba4 {[%emt 0:00:51]} b5 {[%emt 0:08:40]} 15. Bb3 {[%emt 0:10:15]} Bb7 {[%emt 0:00:44]} 16. Re1 {[%emt 0:00:43]} Nb6 {[%emt 0:01:23]} 17. Bg5 {[%emt 0:01:32]} h6 {[%emt 0:05:44]} 18. Re6 {[%emt 0:03:01]} hxg5 {[%emt 0:07:16]} 19. Rxb6 {[%emt 0:00:26]} Bc6 {[%emt 0:03:27]} 20. Re1 {[%emt 0:02:55]} Kd7 {[%emt 0:02:38]} 21. a4 {[%emt 0:04:28]} Kc7 {[%emt 0:05:56]} 22. a5 {[%emt 0:00:14]} d4 {[%emt 0:09:38]} 23. Rxc6+ {[%emt 0:12:01]} Nxc6 {[%emt 0:00:51]} 24. Nd5+ {[%emt 0:00:59]} Kb7 {[%emt 0:02:45]} 25. Nb6 {[%emt 0:01:18]} Bb4 {[%emt 0:01:46]} 26. Re6 {[%emt 0:08:36]} Rae8 {[%emt 0:00:36]} 27. Nd7 {[%emt 0:04:35]} Rxe6 {[%emt 0:01:01]} 28. Bxe6 {[%emt 0:03:19]} Re8 {[%emt 0:00:23]} 29. Ne5 {[%emt 0:01:36]} *

[Event "Nordic Chess-ch 2019"]
[Site "Sarpsborg"]
[Date "2019.06.26"]
[Round "8.29"]
[White "Skaar, Ben Samuel Groth"]
[Black "Kristiansen, Terje"]
[Result "1-0"]
[WhiteElo "1362"]
[BlackElo "1330"]
[Annotator "NA RC"]
[PlyCount "29"]
[EventDate "2019.06.21"]
[EventType "swiss"]
[EventCountry "NOR"]
[SourceTitle "playchess.com"]
[Source "ChessBase"]
[SourceQuality "1"]
[TimeControl "40/5400+30:1800+30"]

1. e4 {[%emt 0:00:00]} c5 {[%emt 0:00:00]} 2. Nf3 {[%emt 0:00:00]} Nc6 {[%emt 0:00:00]} 3. Bb5 {[%emt 0:00:00]} g6 {[%emt 0:00:11]} 4. O-O {[%emt 0:00:44]} Bg7 {[%emt 0:00:02]} 5. Re1 {[%emt 0:00:52]} e6 {[%emt 0:01:44]} 6. c3 {[%emt 0:04:40]} Nge7 {[%emt 0:05:23]} 7. Bxc6 {[%emt 0:07:19]} Nxc6 {[%emt 0:03:07]} 8. d4 {[%emt 0:05:44]} cxd4 {[%emt 0:00:12]} 9. cxd4 {[%emt 0:00:03]} d5 {[%emt 0:03:38]} 10. exd5 {[%emt 0:02:28]} Qxd5 {[%emt 0:00:02]} 11. Nc3 {[%emt 0:00:16]} Qd6 {[%emt 0:04:32]} 12. Nb5 {[%emt 0:14:42]} Qb8 {[%emt 0:02:41]} 13. d5 {[%emt 0:01:15]} Ne5 {[%emt 0:04:44]} 14. Nxe5 {[%emt 0:02:11]} Bxe5 {[%emt 0:00:03]} 15. d6 {[%emt 0:00:08]} 1-0

[Event "Nordic Chess-ch 2019"]
[Site "Sarpsborg"]
[Date "2019.06.26"]
[Round "8.30"]
[White "Tenold, Andreas"]
[Black "Nizar, Siako"]
[Result "*"]
[WhiteElo "1959"]
[BlackElo "1209"]
[Annotator "NA RC"]
[PlyCount "51"]
[EventDate "2019.06.21"]
[EventType "swiss"]
[EventCountry "NOR"]
[SourceTitle "playchess.com"]
[Source "ChessBase"]
[SourceQuality "1"]
[TimeControl "40/5400+30:1800+30"]

1. e4 {[%emt 0:00:00]} e6 {[%emt 0:00:00]} 2. d4 {[%emt 0:00:00]} c5 {[%emt 0:00:17]} 3. c3 {[%emt 0:00:29]} a6 {[%emt 0:00:27]} 4. a4 {[%emt 0:00:26]} cxd4 {[%emt 0:01:26]} 5. cxd4 {[%emt 0:00:23]} d5 {[%emt 0:07:41]} 6. Nc3 {[%emt 0:03:38]} dxe4 {[%emt 0:00:50]} 7. Nxe4 {[%emt 0:00:21]} Nc6 {[%emt 0:00:10]} 8. Nf3 {[%emt 0:00:08]} Nge7 {[%emt 0:02:13]} 9. Bc4 {[%emt 0:00:58]} Nf5 {[%emt 0:06:16]} 10. d5 {[%emt 0:05:57]} Bb4+ {[%emt 0:05:16]} 11. Nc3 {[%emt 0:00:30]} exd5 {[%emt 0:01:22]} 12. Bxd5 {[%emt 0:04:28]} Bxc3+ {[%emt 0:00:28]} 13. bxc3 {[%emt 0:00:15]} Qc7 {[%emt 0:00:57]} 14. O-O {[%emt 0:02:56]} O-O {[%emt 0:01:56]} 15. Ba3 {[%emt 0:01:21]} Rd8 {[%emt 0:07:51]} 16. Qb3 {[%emt 0:00:44]} Nd6 {[%emt 0:09:27]} 17. Ng5 {[%emt 0:04:28]} Ne5 {[%emt 0:18:20]} 18. Bxd6 {[%emt 0:05:22]} Rxd6 {[%emt 0:01:44]} 19. Rfe1 {[%emt 0:02:08]} Rb6 {[%emt 0:11:44]} 20. Bxf7+ {[%emt 0:05:01]} Kh8 {[%emt 0:02:02]} 21. Qd5 {[%emt 0:00:44]} h6 {[%emt 0:02:20]} 22. Rxe5 {[%emt 0:02:02]} hxg5 {[%emt 0:01:18]} 23. Re8+ {[%emt 0:02:16]} Kh7 {[%emt 0:00:05]} 24. Qd3+ {[%emt 0:00:33]} g6 {[%emt 0:00:37]} 25. Qd4 {[%emt 0:01:02]} Qxc3 {[%emt 0:01:25]} 26. Rh8# {[%emt 0:00:12]} *

[Event "Nordic Chess-ch 2019"]
[Site "Sarpsborg"]
[Date "2019.06.26"]
[Round "8.31"]
[White "Holst, Conny"]
[Black "Ulrichsen, Jarl H"]
[Result "*"]
[WhiteElo "2197"]
[BlackElo "2180"]
[Annotator "TA"]
[PlyCount "39"]
[EventDate "2019.06.21"]
[EventType "swiss"]
[EventCountry "NOR"]
[SourceTitle "playchess.com"]
[Source "ChessBase"]
[SourceQuality "1"]

{[%evp 20,21,25,30]} 1. d4 Nf6 2. c4 e6 3. Nc3 d5 4. cxd5 exd5 5. Bg5 c6 6. Qc2 Be7 7. e3 Nbd7 8. Bd3 O-O 9. Nge2 Re8 10. O-O Nf8 11. f3 {Predecessor:} g6 $146 12. Rad1 Ne6 13. Bh4 b5 14. Bf2 Bb7 15. Nc1 Rc8 16. Nb3 a6 17. Ne2 c5 18. dxc5 Nxc5 19. Nxc5 Bxc5 20. Qd2 {½-½ (59) Wojtaszek,R (2746)-Buhmann,R (2633) Germany 2016} *

[Event "Nordic Chess-ch 2019"]
[Site "Sarpsborg"]
[Date "2019.06.26"]
[Round "8.32"]
[White "Skogheim, Ole Morten"]
[Black "Eriksson, Kristian"]
[Result "1/2-1/2"]
[WhiteElo "1950"]
[BlackElo "2111"]
[Annotator "TA"]
[PlyCount "46"]
[EventDate "2019.06.21"]
[EventType "swiss"]
[EventCountry "NOR"]
[SourceTitle "playchess.com"]
[Source "ChessBase"]
[SourceQuality "1"]

{[%evp 15,46,22,14,-13,30,20,34,12,12,0,20,21,20,23,35,44,65,43,114,66,83,78,87,74,69,71,85,53,49,15,20,-48,-43]} 1. e4 e6 2. d4 d5 3. Nc3 Bb4 4. e5 c5 5. a3 Bxc3+ 6. bxc3 Ne7 7. Qg4 O-O 8. Bd3 f5 9. Qg3 {C18: French: 3 Nc3 Bb4: Main line: 7 h4 and 7 Qg4} (9. exf6 Rxf6 10. Bg5 Rf7 11. Qh5 g6 12. Qd1 Qa5 13. Bd2 e5 14. h4 e4 15. Be2 e3 16. Bxe3 Qxc3+ 17. Bd2 Qxd4 18. Nf3 Qf6 19. Bg5 Qc3+ 20. Bd2 Qf6 21. Bg5 Qc3+ 22. Bd2 Qf6 {½-½ (22) Aronian,L (2765)-Riazantsev,A (2649) St Petersburg 2018}) 9... Nbc6 (9... Qa5 $5 {[%cal Ra5c3]} 10. Bd2 Qa4 $11) 10. dxc5 $146 ({Predecessor:} 10. Nf3 c4 11. Be2 Qe8 12. h4 Qg6 13. Qf4 Qg4 14. h5 Qxf4 15. Bxf4 h6 16. Kd2 Bd7 17. Nh4 b5 18. Rh3 {½-½ (36) Halvax,G (2322)-Ernst,M (2146) Linz 2011}) 10... Qa5 11. Bd2 {White is slightly better.} Qxc5 12. Ne2 Bd7 13. O-O Ng6 14. Be3 Qa5 15. f4 Rac8 16. Qf2 Ra8 (16... Qa4 $1 $14) 17. Rfb1 Qc7 $1 18. Bc5 $36 {[%mdl 2048] White is really pushing.} Rfe8 19. Bd6 Qc8 20. a4 Na5 21. Rb4 Ne7 22. Rab1 b6 23. Bxe7 (23. Ra1 $11) 23... Rxe7 {Accuracy: White = 46%, Black = 41%.} 1/2-1/2

[Event "Nordic Chess-ch 2019"]
[Site "Sarpsborg"]
[Date "2019.06.26"]
[Round "8.33"]
[White "Store, Trond"]
[Black "Dogani, Avduraim"]
[Result "*"]
[WhiteElo "2100"]
[BlackElo "2107"]
[Annotator "TA"]
[PlyCount "35"]
[EventDate "2019.06.21"]
[EventType "swiss"]
[EventCountry "NOR"]
[SourceTitle "playchess.com"]
[Source "ChessBase"]
[SourceQuality "1"]

{[%evp 16,21,47,55,42,37,41,47]} 1. d4 d5 2. c4 e6 3. cxd5 exd5 4. Nc3 Nf6 5. Bg5 c6 6. Qc2 Be7 7. e3 Bg4 8. Bd3 Nbd7 9. h3 {[#] Threatens to win with Bxf6.White is slightly better.} Be6 {D35: Queen's Gambit Declined: Exchange Variation} (9... Bh5 10. f4 Bg6 11. f5 Bh5 12. Bf4 g6 13. g4 gxf5 14. gxh5 Ne4 15. O-O-O {1-0 (15) Rodshtein,M (2634)-Lu,S (2516) Moscow 2012}) 10. Nf3 Rc8 11. O-O {Predecessor:} Nh5 $146 12. Bxe7 Qxe7 13. Rfe1 g6 14. e4 Nf4 15. Nxd5 Qd6 16. Nxf4 Qxf4 17. Qc1 Qxc1 18. Raxc1 {1-0 (41) Kos,S (2210)-Sicker,R (2245) Germany 1996} *

[Event "Nordic Chess-ch 2019"]
[Site "Sarpsborg"]
[Date "2019.06.26"]
[Round "8.34"]
[White "Andersen, Harry"]
[Black "Rukovci, Shemsi"]
[Result "*"]
[WhiteElo "1905"]
[BlackElo "1907"]
[Annotator "NA RC"]
[PlyCount "52"]
[EventDate "2019.06.21"]
[EventType "swiss"]
[EventCountry "NOR"]
[SourceTitle "playchess.com"]
[Source "ChessBase"]
[SourceQuality "1"]
[TimeControl "40/5400+30:1800+30"]

1. e4 {[%emt 0:00:27]} e5 {[%emt 0:00:00]} 2. Nf3 {[%emt 0:00:37]} Nc6 {[%emt 0:01:19]} 3. Bc4 {[%emt 0:02:27]} Bc5 {[%emt 0:00:31]} 4. O-O {[%emt 0:01:20]} Nf6 {[%emt 0:00:11]} 5. d3 {[%emt 0:00:31]} h6 {[%emt 0:03:03]} 6. c3 {[%emt 0:00:55]} Be7 {[%emt 0:08:33]} 7. d4 {[%emt 0:07:33]} d6 {[%emt 0:02:06]} 8. d5 {[%emt 0:15:39]} Nb8 {[%emt 0:00:35]} 9. Bd3 {[%emt 0:01:03]} Nbd7 {[%emt 0:02:32]} 10. b4 {[%emt 0:01:46]} Nf8 {[%emt 0:00:01]} 11. h3 {[%emt 0:05:24]} g5 {[%emt 0:02:32]} 12. Bb5+ {[%emt 0:02:06]} Bd7 {[%emt 0:03:59]} 13. Bxd7+ {[%emt 0:00:15]} Qxd7 {[%emt 0:00:08]} 14. Nbd2 {[%emt 0:04:57]} Ng6 {[%emt 0:00:14]} 15. Nh2 {[%emt 0:02:41]} Nf4 {[%emt 0:00:18]} 16. Ng4 {[%emt 0:00:34]} h5 {[%emt 0:06:00]} 17. Ne3 {[%emt 0:09:12]} O-O-O {[%emt 0:08:57]} 18. Nf5 {[%emt 0:01:06]} Rdg8 {[%emt 0:00:47]} 19. c4 {[%emt 0:00:33]} h4 {[%emt 0:00:30]} 20. f3 {[%emt 0:02:13]} N6h5 {[%emt 0:05:40]} 21. Bb2 {[%emt 0:07:01]} Ng3 {[%emt 0:02:17]} 22. Nxe7+ {[%emt 0:03:54]} Qxe7 {[%emt 0:04:01]} 23. c5 {[%emt 0:03:58]} dxc5 {[%emt 0:10:55]} 24. Qa4 {[%emt 0:03:46]} Kb8 {[%emt 0:07:40]} 25. Nc4 {[%emt 0:01:31]} Nd3 {[%emt 0:09:15]} 26. Na5 {[%emt 0:00:00]} cxb4 {[%emt 0:00:00]} *

[Event "Nordic Chess-ch 2019"]
[Site "Sarpsborg"]
[Date "2019.06.26"]
[Round "8.35"]
[White "Hauge, Tor Arne"]
[Black "Lunde, Sigmund"]
[Result "*"]
[WhiteElo "2022"]
[BlackElo "1834"]
[Annotator "NA RC"]
[PlyCount "57"]
[EventDate "2019.06.21"]
[EventType "swiss"]
[EventCountry "NOR"]
[SourceTitle "playchess.com"]
[Source "ChessBase"]
[SourceQuality "1"]
[TimeControl "40/5400+30:1800+30"]

1. b3 {[%emt 0:01:08]} e5 {[%emt 0:04:50]} 2. Bb2 {[%emt 0:00:35]} Nc6 {[%emt 0:00:51]} 3. g3 {[%emt 0:01:22]} f5 {[%emt 0:10:51]} 4. Nf3 {[%emt 0:31:54]} d6 {[%emt 0:04:17]} 5. Bg2 {[%emt 0:06:05]} Nf6 {[%emt 0:04:11]} 6. e3 {[%emt 0:01:37]} Be7 {[%emt 0:02:47]} 7. d3 {[%emt 0:02:57]} h6 {[%emt 0:05:30]} 8. Nbd2 {[%emt 0:11:34]} g5 {[%emt 0:03:40]} 9. h3 {[%emt 0:09:40]} Be6 {[%emt 0:02:30]} 10. Qe2 {[%emt 0:05:26]} Qd7 {[%emt 0:16:56]} 11. O-O-O {[%emt 0:04:51]} a5 {[%emt 0:01:32]} 12. e4 {[%emt 0:02:13]} a4 {[%emt 0:02:04]} 13. d4 {[%emt 0:00:51]} fxe4 {[%emt 0:03:03]} 14. Nxe4 {[%emt 0:04:41]} Nxe4 {[%emt 0:07:54]} 15. Qxe4 {[%emt 0:01:52]} d5 {[%emt 0:01:03]} 16. Qe2 {[%emt 0:01:27]} e4 {[%emt 0:02:48]} 17. Ne5 {[%emt 0:00:20]} Nxe5 {[%emt 0:00:07]} 18. dxe5 {[%emt 0:00:06]} axb3 {[%emt 0:03:28]} 19. axb3 {[%emt 0:00:11]} Qc6 {[%emt 0:02:00]} 20. f3 {[%emt 0:01:43]} Bb4 {[%emt 0:05:36]} 21. fxe4 {[%emt 0:04:47]} d4 {[%emt 0:04:59]} 22. Rxd4 {[%emt 0:01:27]} Qc5 {[%emt 0:00:15]} 23. Rf1 {[%emt 0:02:29]} Bc3 {[%emt 0:00:34]} 24. Bxc3 {[%emt 0:01:17]} Qxc3 {[%emt 0:00:02]} 25. Ra4 {[%emt 0:00:05]} Rxa4 {[%emt 0:01:53]} 26. Qb5+ {[%emt 0:02:22]} Bd7 {[%emt 0:00:28]} 27. bxa4 {[%emt 0:00:00]} Bxb5 {[%emt 0:00:13]} 28. axb5 {[%emt 0:00:00]} Qxg3 {[%emt 0:01:14]} 29. Bf3 {[%emt 0:00:10]} *

[Event "Nordic Chess-ch 2019"]
[Site "Sarpsborg"]
[Date "2019.06.26"]
[Round "8.36"]
[White "Eriksen, Oddvar"]
[Black "Kirppo, Ronny"]
[Result "0-1"]
[WhiteElo "1520"]
[BlackElo "1910"]
[Annotator "NA RC"]
[PlyCount "52"]
[EventDate "2019.06.21"]
[EventType "swiss"]
[EventCountry "NOR"]
[SourceTitle "playchess.com"]
[Source "ChessBase"]
[SourceQuality "1"]
[TimeControl "40/5400+30:1800+30"]

1. e4 {[%emt 0:00:00]} c5 {[%emt 0:00:00]} 2. Nf3 {[%emt 0:00:13]} Nc6 {[%emt 0:00:00]} 3. Nc3 {[%emt 0:00:57]} d6 {[%emt 0:00:00]} 4. d4 {[%emt 0:01:15]} cxd4 {[%emt 0:00:06]} 5. Nxd4 {[%emt 1:30:05]} Nf6 {[%emt 1:32:24]} 6. Nxc6 {[%emt 0:00:30]} bxc6 {[%emt 0:00:30]} 7. Be2 {[%emt 0:00:00]} Qc7 {[%emt 0:00:00]} 8. Bf3 {[%emt 0:00:00]} Rb8 {[%emt 0:00:00]} 9. O-O {[%emt 0:00:00]} g6 {[%emt 0:00:00]} 10. b3 {[%emt 0:02:00]} Bg7 {[%emt 0:02:00]} 11. Bb2 {[%emt 0:00:00]} O-O {[%emt 0:00:00]} 12. Rb1 {[%emt 0:00:00]} Rd8 {[%emt 0:00:00]} 13. Re1 {[%emt 0:00:00]} e5 {[%emt 0:00:00]} 14. Bc1 {[%emt 0:00:00]} h6 {[%emt 0:00:00]} 15. h3 {[%emt 0:00:00]} Be6 {[%emt 0:00:00]} 16. Na4 {[%emt 0:00:00]} d5 {[%emt 0:00:00]} 17. exd5 {[%emt 0:03:30]} cxd5 {[%emt 0:03:30]} 18. Bg4 {[%emt 0:00:00]} Nxg4 {[%emt 0:00:00]} 19. hxg4 {[%emt 0:00:00]} d4 {[%emt 0:00:00]} 20. g3 {[%emt 0:00:00]} Rbc8 {[%emt 0:00:00]} 21. Ba3 {[%emt 0:00:00]} Qxc2 {[%emt 0:00:00]} 22. Rb2 {[%emt 0:00:00]} Qxd1 {[%emt 0:00:00]} 23. Rxd1 {[%emt 0:03:00]} Bxg4 {[%emt 0:03:00]} 24. Re1 {[%emt 0:00:00]} h5 {[%emt 0:00:00]} 25. Kg2 {[%emt 0:00:00]} Bf5 {[%emt 0:00:00]} 26. f3 {[%emt 0:00:00]} Bc2 {[%emt 0:00:00]} 0-1

[Event "Nordic Chess-ch 2019"]
[Site "Sarpsborg"]
[Date "2019.06.26"]
[Round "8.37"]
[White "Bergquist, Rune"]
[Black "Andersen, Dag"]
[Result "*"]
[WhiteElo "1609"]
[BlackElo "1817"]
[Annotator "NA RC"]
[PlyCount "98"]
[EventDate "2019.06.21"]
[EventType "swiss"]
[EventCountry "NOR"]
[SourceTitle "playchess.com"]
[Source "ChessBase"]
[SourceQuality "1"]
[TimeControl "40/5400+30:1800+30"]

1. d4 {[%emt 0:00:00]} Nf6 {[%emt 0:00:00]} 2. c4 {[%emt 0:00:00]} c5 {[%emt 0:00:00]} 3. d5 {[%emt 0:00:20]} e5 {[%emt 0:00:18]} 4. Nc3 {[%emt 0:04:00]} d6 {[%emt 0:00:25]} 5. e4 {[%emt 0:01:01]} Nbd7 {[%emt 0:00:11]} 6. Nf3 {[%emt 0:03:57]} Be7 {[%emt 0:00:09]} 7. Be2 {[%emt 0:01:18]} h5 {[%emt 0:01:07]} 8. h3 {[%emt 0:02:44]} Nf8 {[%emt 0:00:12]} 9. Qc2 {[%emt 0:04:07]} Ng6 {[%emt 0:00:10]} 10. Bd2 {[%emt 0:06:14]} a6 {[%emt 0:06:15]} 11. Qa4+ {[%emt 0:03:47]} Bd7 {[%emt 0:00:24]} 12. Qb3 {[%emt 0:00:16]} Rb8 {[%emt 0:00:47]} 13. O-O {[%emt 0:06:59]} h4 {[%emt 0:01:52]} 14. Nh2 {[%emt 0:03:01]} Nh5 {[%emt 0:03:53]} 15. Bg4 {[%emt 0:00:58]} Nhf4 {[%emt 0:03:28]} 16. Bxd7+ {[%emt 0:03:06]} Qxd7 {[%emt 0:00:59]} 17. Nf3 {[%emt 0:04:49]} O-O {[%emt 0:01:08]} 18. Rfe1 {[%emt 0:04:20]} b5 {[%emt 0:00:14]} 19. cxb5 {[%emt 0:01:05]} axb5 {[%emt 0:00:15]} 20. Ne2 {[%emt 0:02:46]} c4 {[%emt 0:01:35]} 21. Qc2 {[%emt 0:03:50]} Nd3 {[%emt 0:00:21]} 22. Red1 {[%emt 0:01:59]} f5 {[%emt 0:02:23]} 23. exf5 {[%emt 0:02:57]} Rxf5 {[%emt 0:00:40]} 24. Be3 {[%emt 0:02:41]} Rxf3 {[%emt 0:00:15]} 25. gxf3 {[%emt 0:02:55]} Qxh3 {[%emt 0:00:10]} 26. Rxd3 {[%emt 0:03:46]} cxd3 {[%emt 0:00:15]} 27. Qxd3 {[%emt 0:01:01]} e4 {[%emt 0:03:09]} 28. Qxe4 {[%emt 0:02:21]} Ne5 {[%emt 0:01:02]} 29. Nd4 {[%emt 0:01:24]} Rf8 {[%emt 0:02:46]} 30. f4 {[%emt 0:01:03]} Ng4 {[%emt 0:15:43]} 31. Qg2 {[%emt 0:01:51]} Qxg2+ {[%emt 0:00:06]} 32. Kxg2 {[%emt 0:00:20]} Nf6 {[%emt 0:00:51]} 33. Rc1 {[%emt 0:01:38]} b4 {[%emt 0:03:48]} 34. Nc6 {[%emt 0:02:29]} Nxd5 {[%emt 0:01:00]} 35. Nxe7+ {[%emt 0:02:46]} Nxe7 {[%emt 0:00:06]} 36. Rc4 {[%emt 0:04:26]} Ra8 {[%emt 0:02:07]} 37. Rxb4 {[%emt 0:00:56]} Nd5 {[%emt 0:02:20]} 38. Rd4 {[%emt 0:02:52]} Nxe3+ {[%emt 0:00:13]} 39. fxe3 {[%emt 0:00:15]} Rxa2 {[%emt 0:00:09]} 40. Rd2 {[%emt 0:02:08]} Ra6 {[%emt 0:01:43]} 41. Kh3 {[%emt 0:30:32]} Rb6 {[%emt 0:30:13]} 42. Kxh4 {[%emt 0:00:57]} Kf7 {[%emt 0:00:05]} 43. Kg4 {[%emt 0:02:11]} Kf6 {[%emt 0:00:31]} 44. e4 {[%emt 0:00:42]} Ke6 {[%emt 0:01:18]} 45. Kg5 {[%emt 0:01:41]} Rb3 {[%emt 0:01:14]} 46. f5+ {[%emt 0:01:06]} Ke5 {[%emt 0:00:16]} 47. Kg6 {[%emt 0:04:35]} Kxe4 {[%emt 0:01:27]} 48. Rxd6 {[%emt 0:01:44]} Rg3+ {[%emt 0:01:05]} 49. Kf7 {[%emt 0:01:51]} Kxf5 {[%emt 0:00:10]} *